00301nam a2200121Ia 4500008004100000100001600041245004300057260003400100300000900134650001200143942000700155999001700162190216s9999||||xx |||||||||||||| ||und|| aErnst Mayer 0aJantu Sastra Vargheekarana Thathuangal bKerala Bhasha Institutec1975 a769p aZoology cBK c37844d37844